Normal view
MARC view
Entry Topical Term
001 - CONTROL NUMBER
- control field: 85
003 - CONTROL NUMBER IDENTIFIER
- control field: ARRUPE
005 - DATE AND TIME OF LATEST TRANSACTION
- control field: 20130912130022.0
008 - FIXED-LENGTH DATA ELEMENTS
- fixed length control field: 130912|| aca||aabn | a|a d
040 ## - CATALOGING SOURCE
- Original cataloging agency: ARRUPE
- Transcribing agency: ARRUPE
150 ## - HEADING--TOPICAL TERM
- Topical term or geographic name as entry element: Rationalism.
670 ## - SOURCE DATA FOUND
- Source citation: Work cat.: (ARRUPE)0: Hitchens, Christopher. 83, God is not great :, 2007.